000 01172nam a2200313Ia 4500
001 ebr10218438
003 CaPaEBR
006 m u
007 cr cn|||||||||
008 010618s2000 quc sb 001 0 eng d
020 _z0773522239 (bound)
020 _z0773522247 (pbk.)
020 _z9780773522237
040 _aCaPaEBR
_cCaPaEBR
035 _a(OCoLC)226376169
050 1 4 _aU21.2
_b.O695 2000eb
100 1 _aOrend, Brian,
_d1971-
245 1 0 _aMichael Walzer on war and justice
_h[electronic resource] /
_cBrian Orend.
260 _aMontreal :
_bMcGill-Queen's University Press,
_cc2000.
300 _a226 p.
504 _aIncludes bibliographical references and index.
533 _aElectronic reproduction.
_bPalo Alto, Calif. :
_cebrary,
_d2009.
_nAvailable via World Wide Web.
_nAccess may be limited to ebrary affiliated libraries.
600 1 0 _aWalzer, Michael.
650 0 _aDistributive justice.
650 0 _aJust war doctrine.
655 7 _aElectronic books.
_2local
710 2 _aebrary, Inc.
856 4 0 _uhttp://site.ebrary.com/lib/rucke/Doc?id=10218438
_zAn electronic book accessible through the World Wide Web; click to view
999 _c130074
_d130074